• 首页
  • 本馆介绍
  • 公告通知
  • 最新文献
  • 馆藏检索
  • 电子资源
  • 读者导购
  • 参考咨询
  • 我的图书馆
  • 登录
  • 详细信息显示
  • 放入我的书架
  • 预约/预借图书
  • 作者相关作品
  • 分类相关作品
  • 丛书相关作品
  • 出版社相关作品

书目信息

  • 表格格式
  • 工作单格式
  • 卡片格式
题名:
毛泽东人民观及其当代意义研究
    
 
作者: 戴立兴 著
分册:  
出版信息: 北京   社会科学文献出版社  2016.03
页数: 317页
开本: 24cm
丛书名:
单 册:
中图分类: A841.64
科图分类:
主题词: 毛泽东思想--群众路线--研究
电子资源:
ISBN: 978-7-5097-8054-1
000 01183nam0 2200265 450
001 0120161811526
005 20160704085259.68
010    @a978-7-5097-8054-1@dCNY89.00
100    @a20160401d2016 em y0chiy50 ea
101 0  @achi
102    @aCN@b110000
105    @ay z 000yy
106    @ar
200 1  @a毛泽东人民观及其当代意义研究@9mao ze dong ren min guan ji qi dang dai yi yi yan jiu@dStudy on Mao Zedong's outlook of people and its enlightenment to modern China@f戴立兴著@zeng
210    @a北京@c社会科学文献出版社@d2016.03
215    @a317页@d24cm
300    @a国家社会科学基金一般项目 中国社会科学院创新工程学术出版资助项目
330    @a本书初步建构了毛泽东人民观研究的理论体系,对毛泽东人民观的基本概念、形成条件、形成过程、主要内容及现实启示等进行了深入探讨和系统提炼,形成了具有较强创新意义的研究框架,是一本研究毛泽东人民观的比较系统的学术专著。
333    @a毛泽东人民观研究人员
510 1  @aStudy on Mao Zedong's outlook of people and its enlightenment to modern China@zeng
606 0  @a毛泽东思想@x群众路线@x研究
690    @aA841.64@v5
701  0 @a戴立兴@9dai li xing@4著
801  0 @aCN@b人天书店@c20160401
905    @b880382-87@dA841.64@e150@f6
    
    毛泽东人民观及其当代意义研究=Study on Mao Zedong's outlook of people and its enlightenment to modern China/戴立兴著.-北京:社会科学文献出版社,2016.03
    317页;24cm
    国家社会科学基金一般项目 中国社会科学院创新工程学术出版资助项目.-使用对象:毛泽东人民观研究人员
    
    ISBN 978-7-5097-8054-1:CNY89.00
    本书初步建构了毛泽东人民观研究的理论体系,对毛泽东人民观的基本概念、形成条件、形成过程、主要内容及现实启示等进行了深入探讨和系统提炼,形成了具有较强创新意义的研究框架,是一本研究毛泽东人民观的比较系统的学术专著。
●
相关链接 在E读中查询图书 在五车中查询图书 在当当中查询图书 在豆瓣中查询图书


正题名:毛泽东人民观及其当代意义研究     索取号:A841.64/150         预约/预借

序号 登录号 条形码 馆藏地/架位号 状态 备注
1 880382   208803829   第一样本阅览室/ [索取号:A841.64/150] 在馆    
2 880383   208803838   教育系资料室/ [索取号:A841.64/150] 在馆    
3 880384   208803847   教育系资料室/ [索取号:A841.64/150] 在馆    
4 880385   208803856   教育系资料室/ [索取号:A841.64/150] 在馆    
5 880386   208803865   第一借阅区/ [索取号:A841.64/150] 在馆    
6 880387   208803874   第一借阅区/ [索取号:A841.64/150] 在馆    
唐山师范学院图书馆 欢迎您!
大连网信软件有限公司© 版权所有